000 00915cam a2200277 a 4500
001 2375517
003 ARRUPE
005 20131202144900.0
008 860102s1983 fr b 000 0 fre
010 _a 84154011
020 _a2070260534 :
_c85.00F
040 _aDLC
_cDLC
_dDLC
050 0 0 _aB824
_b.L56 1983
082 0 0 _a141/.4
_219
100 1 _aLipovetsky, Gilles,
_d1944-
_94560
245 1 2 _aL'ère du vide :
_bessais sur l'individualisme contemporain /
_cpar Gilles Lipovetsky.
260 _a[Paris] :
_bGallimard,
_cc1983.
300 _a246 p. ;
_c21 cm.
490 0 _aLes Essais ;
_v225
500 _aCollection of articles from various publications for the period 1979-1982.
504 _aIncludes bibliographical references.
650 0 _aIndividualism.
_94561
650 0 _aCivilization, Modern
_y1950-
_94562
906 _a7
_bcbc
_corignew
_d4
_encip
_f19
_gy-gencatlg
942 _2lcc
_cMONOGRAPH
999 _c118891
_d118891